| 000 | 01052nam0a22002531 4500 | ||
|---|---|---|---|
| 001 | rc\158554 | ||
| 005 | 20260406114715.0 | ||
| 035 | _a(NLR Aleph) 005424678 | ||
| 090 |
_a7513067 _c7513067 |
||
| 100 | _a20030307d1991 |||y0rusy50 ca | ||
| 101 | 0 | _arus | |
| 102 | _aRU | ||
| 105 | _ay ||||||||| | ||
| 200 | 1 |
_aМетодологические вопросы регионального планирования в условиях экономической реформы _eСб. науч. тр. _fКыргыз. гос. ун-т им. 50-летия СССР _g[Редкол.: Джумаканов Р.Ч. (отв. ред.) и др.] |
|
| 210 |
_aБишкек _cКГУ _d1991 |
||
| 215 |
_a91, [1] с. _d20 |
||
| 320 | _aБиблиогр. в конце ст. | ||
| 702 | 1 |
_aДжумаканов _bР. _4340 |
|
| 712 | 0 | 2 |
_aКыргызский государственный университет _cБишкек _9294540 _3RU\NLR\AUTH\8810949 |
| 801 | 0 |
_aRU _bNLR _gpsbo |
|
| 801 | 1 |
_aRU _bELAR _2rusmarc |
|
| 852 |
_aNLR _j92-4/3853 |
||
| 942 | _cBOOK | ||
| 980 | _aNB | ||